Ich prítomnosť a budúcnosť
Druhá a záverečná časť venovaná rozvoju telekomunikačnej infraštruktúry. Technické prostriedky v oblasti telekomunikácií a rádiokomunikácií.
Na minha lista:
| Autor principal: | |
|---|---|
| Formato: | Capítulo de Livro |
| Idioma: | eslovaco |
| Assuntos: | |
| Tags: |
Sem tags, seja o primeiro a adicionar uma tag!
|
MARC
| LEADER | 00000naa a2200000 4500 | ||
|---|---|---|---|
| 001 | r016394 | ||
| 005 | 20221213114845.3 | ||
| 041 | 0 | |a slo | |
| 044 | |a SK | ||
| 245 | 1 | 0 | |a Ich prítomnosť a budúcnosť |c J. Pavlík |
| 520 | |a Druhá a záverečná časť venovaná rozvoju telekomunikačnej infraštruktúry. Technické prostriedky v oblasti telekomunikácií a rádiokomunikácií. | ||
| 610 | 2 | 0 | |a telekomunikácie |
| 610 | 2 | 0 | |a infraštruktúra |
| 610 | 2 | 0 | |a financie |
| 610 | 2 | 0 | |a modernizácia |
| 610 | 2 | 0 | |a správa štátna |
| 610 | 2 | 0 | |a Slovenské telekomunikácie, š.p. Bratislava |
| 610 | 2 | 0 | |a projekty investičné |
| 100 | 1 | |a Pavlík, J. | |